[Event "ch-Moscow Superfinal 2014"]
[Site "Moscow RUS"]
[Date "2014.01.30"]
[Round "1.2"]
[White "Grachev, Boris"]
[Black "Gordievsky, Dmitry"]
[Result "1-0"]
[WhiteTitle "GM"]
[BlackTitle "FM"]
[WhiteElo "2668"]
[BlackElo "2451"]
[WhiteFideId "4129199"]
[BlackFideId "24112798"]
[EventDate "2014.01.30"]

1. d4 g6 2. Nf3 Bg7 3. g3 c5 4. c4 cxd4 5. Nxd4 Nc6 6. Nc2 d6 7. Bg2 Nf6 8. Nc3
h5 9. h3 Be6 10. Ne3 Qc8 11. Bd2 O-O 12. Rc1 Nd7 13. b3 Nc5 14. Ncd5 Re8 15. b4
Nd7 16. Nf4 Nf8 17. Nxe6 Nxe6 18. O-O h4 19. Nd5 hxg3 20. fxg3 Bb2 21. Rc2 Be5
22. Bf4 Ncd4 23. Rc1 Nf5 24. e4 Nfd4 25. h4 Nxf4 26. gxf4 Bg7 27. c5 e6 28. Ne3
dxc5 29. Rxc5 Nc6 30. e5 Bf8 31. Rc4 Qd8 32. Qe1 Qb6 33. Bxc6 bxc6 34. h5 Rad8
35. Kg2 Bg7 36. Ng4 gxh5 37. Nf6+ Bxf6 38. exf6 Kh8 39. Rc5 Rg8+ 40. Kf3 Rd3+
41. Ke4 Rd5 42. Qc3 Qd8 43. Rh1 Rxc5 44. Qxc5 Qd5+ 45. Qxd5 cxd5+ 46. Ke5 Rb8
47. a3 a5 48. f5 axb4 49. fxe6 fxe6 50. axb4 Rxb4 51. Rg1 Rb7 52. Kxe6 Rb6+ 53.
Kf5 Rb7 54. Re1 Rb8 55. Rh1 d4 56. Rxh5+ Kg8 57. Kg6 Rb6 58. Rd5 Rb8 59. Rd7 d3
60. Rg7+ 1-0

[Event "ch-Moscow Superfinal 2014"]
[Site "Moscow RUS"]
[Date "2014.01.30"]
[Round "1.4"]
[White "Nepomniachtchi, Ian"]
[Black "Vavulin, Maksim"]
[Result "1-0"]
[WhiteTitle "GM"]
[BlackTitle "IM"]
[WhiteElo "2732"]
[BlackElo "2390"]
[WhiteFideId "4168119"]
[BlackFideId "4169530"]
[EventDate "2014.01.30"]

1. e4 e5 2. Nf3 Nc6 3. Bb5 a6 4. Ba4 Nf6 5. d3 b5 6. Bb3 Be7 7. a4 Rb8 8. axb5
axb5 9. O-O O-O 10. Nc3 d6 11. Nd5 Nxd5 12. exd5 Nb4 13. Qe1 c5 14. dxc6 Nxc6
15. Qe4 Bb7 16. Bd5 Qc7 17. Bg5 Nd8 18. Bxb7 Rxb7 19. d4 f6 20. Bd2 Qc6 21. d5
Qd7 22. Ra6 f5 23. Qe2 Bf6 24. Bb4 Nf7 25. c3 Rc8 26. Nd2 Rbb8 27. Rfa1 Be7 28.
Nb3 Qb7 29. Qd3 e4 30. Qd1 Ra8 31. Rxa8 Rxa8 32. Na5 Qc8 33. Nc6 Bf6 34. h3 h6
35. Qf1 Rxa1 36. Qxa1 Ne5 37. Nd4 Nd3 38. Nc6 Ne5 39. Qa2 Kh7 40. Bxd6 Nxc6 41.
dxc6 Qxc6 42. Qe6 Kg6 43. g4 fxg4 44. hxg4 Qc4 45. Qf5+ Kf7 46. Qd7+ Kg6 47. Be5
Qd3 48. Qe8+ Kh7 49. Bxf6 Qd1+ 50. Kh2 Qxg4 51. Be5 e3 52. Bg3 exf2 53. Qf7 b4
54. Bxf2 bxc3 55. bxc3 Qe4 56. Bd4 Qh4+ 57. Kg2 Qg4+ 58. Kf2 h5 59. Qf3 Qg6 60.
Ke3 Qg5+ 61. Ke4 Kg6 62. Be5 h4 63. c4 1-0

[Event "ch-Moscow Superfinal 2014"]
[Site "Moscow RUS"]
[Date "2014.01.30"]
[Round "1.5"]
[White "Najer, Evgeniy"]
[Black "Popov, Ivan RUS"]
[Result "1-0"]
[WhiteTitle "GM"]
[BlackTitle "GM"]
[WhiteElo "2646"]
[BlackElo "2650"]
[WhiteFideId "4118987"]
[BlackFideId "4170350"]
[EventDate "2014.01.30"]

1. e4 c5 2. Nf3 e6 3. d4 cxd4 4. Nxd4 Nc6 5. Nc3 a6 6. Bf4 d6 7. Nxc6 bxc6 8.
Qd2 e5 9. Bg5 Nf6 10. O-O-O h6 11. Bh4 Be6 12. f3 Be7 13. Bxf6 gxf6 14. f4 exf4
15. Ne2 Qb6 16. Nxf4 Bxa2 17. Qc3 a5 18. g3 Rb8 19. Bh3 Rg8 20. Bf5 Qb4 21.
Qxc6+ Kf8 22. Nd3 Qc4 23. Qxc4 Bxc4 24. Nf4 Kg7 25. Rd4 Bb5 26. Rhd1 Bc6 27.
Rxd6 Bxd6 28. Rxd6 Bb5 29. Nh5+ Kh8 30. Rxf6 Rgf8 31. Rxh6+ Kg8 32. Bh7+ Kh8 33.
Bf5+ Kg8 34. Bh7+ Kh8 35. e5 Rfd8 36. g4 a4 37. g5 Be8 38. c3 Bb5 39. g6 fxg6
40. Bxg6+ Kg8 41. Rh7 Bc4 42. Nf6+ Kf8 43. Nd7+ 1-0

[Event "ch-Moscow Superfinal 2014"]
[Site "Moscow RUS"]
[Date "2014.01.30"]
[Round "2.1"]
[White "Eliseev, Urii"]
[Black "Popov, Ivan RUS"]
[Result "0-1"]
[WhiteTitle "GM"]
[BlackTitle "GM"]
[WhiteElo "2549"]
[BlackElo "2650"]
[WhiteFideId "24131920"]
[BlackFideId "4170350"]
[EventDate "2014.01.30"]

1. e4 c5 2. Nf3 e6 3. d4 cxd4 4. Nxd4 Nc6 5. Nc3 a6 6. Nxc6 bxc6 7. Bd3 Qc7 8.
O-O Nf6 9. Re1 Bd6 10. h3 Rb8 11. Qe2 Bh2+ 12. Kh1 Be5 13. Bxa6 Bxa6 14. Qxa6
O-O 15. Qd3 d5 16. exd5 exd5 17. Re2 Nd7 18. Rb1 Bf6 19. Bd2 Nc5 20. Qf3 Ne6 21.
Ree1 Qa7 22. b3 Ng5 23. Qg3 Ne6 24. a4 Qc5 25. Rbc1 Rfe8 26. Kg1 Rb4 27. Nd1 Re4
28. Rxe4 dxe4 29. Qe3 Qd6 30. Qe1 Nd4 31. Bc3 Qc5 32. Kh1 g6 33. Ne3 Nf3 34.
gxf3 Bxc3 35. Qe2 Qh5 36. Kg2 Qg5+ 37. Kf1 Qf4 38. fxe4 Qxe4 39. Kg1 Re5 40. Qg4
f5 41. Qxe4 Rxe4 42. Kf1 f4 43. Nc4 f3 44. Rd1 Re2 45. Ne3 h5 46. Kg1 g5 47. Rd3
Be5 48. a5 g4 49. hxg4 hxg4 50. Kf1 0-1

[Event "ch-Moscow Superfinal 2014"]
[Site "Moscow RUS"]
[Date "2014.01.30"]
[Round "2.2"]
[White "Vavulin, Maksim"]
[Black "Najer, Evgeniy"]
[Result "0-1"]
[WhiteTitle "IM"]
[BlackTitle "GM"]
[WhiteElo "2390"]
[BlackElo "2646"]
[WhiteFideId "4169530"]
[BlackFideId "4118987"]
[EventDate "2014.01.30"]

1. e4 c5 2. Nf3 d6 3. d4 cxd4 4. Nxd4 Nf6 5. Nc3 a6 6. Be3 e5 7. Nb3 Be7 8. h3
O-O 9. g4 b5 10. g5 Ne8 11. h4 Nd7 12. Qd2 Nc7 13. h5 Nc5 14. O-O-O Bg4 15. Be2
Bxe2 16. Qxe2 Nxb3+ 17. axb3 Bxg5 18. Rhg1 Bxe3+ 19. Qxe3 Ne6 20. Nd5 a5 21. Qh6
f6 22. Qe3 Rf7 23. f4 exf4 24. Nxf4 Ng5 25. h6 gxh6 26. Ne6 Qe7 27. Nd4 Kh8 28.
Rde1 Qe5 29. Nf5 Rc7 30. Nxh6 Qh2 0-1

[Event "ch-Moscow Superfinal 2014"]
[Site "Moscow RUS"]
[Date "2014.01.30"]
[Round "3.1"]
[White "Grachev, Boris"]
[Black "Eliseev, Urii"]
[Result "1-0"]
[WhiteTitle "GM"]
[BlackTitle "GM"]
[WhiteElo "2668"]
[BlackElo "2549"]
[WhiteFideId "4129199"]
[BlackFideId "24131920"]
[EventDate "2014.01.30"]

1. d4 Nf6 2. Nf3 g6 3. Bf4 Bg7 4. e3 O-O 5. h3 d6 6. Be2 Nfd7 7. O-O Nc6 8. c4
e5 9. Bh2 exd4 10. exd4 Qf6 11. Nc3 Nb6 12. Nb5 Qe7 13. c5 dxc5 14. Nxc7 Nxd4
15. Nxd4 Bxd4 16. Nxa8 Nxa8 17. Bg4 Nb6 18. Bxc8 Rxc8 19. Qc2 Re8 20. Rad1 Nd5
21. Bg3 Qe2 22. Qc1 Qb5 23. Rfe1 Rxe1+ 24. Rxe1 Bxb2 25. Qg5 Qd7 26. Qh4 Bf6 27.
Qc4 Bd4 28. Qe2 Nb4 29. Rd1 Qe6 30. Qb5 Qc6 31. Qa5 Qb6 32. Qa4 Nc6 33. Qc2 Qd8
34. Re1 h5 35. Qe4 Kg7 36. Rb1 Qd7 37. Kh1 b6 38. Re1 Bf6 39. Qa4 Bc3 40. Rd1
Bd4 41. Re1 Bc3 42. Re2 Bd4 43. Qb3 Qf5 44. Qa4 Qd5 45. Qb5 Bf6 46. Re1 Qd2 47.
Rf1 Nd4 48. Qe8 Qxa2 49. Be5 Qe6 50. Bxf6+ Qxf6 51. Qd7 a5 52. Kg1 Qe6 53. Qa4
Qb3 54. Qe8 Qe6 55. Qa4 Qe4 56. Qa1 Kh7 57. Qa2 Qe6 58. Qa1 Qd5 59. Rd1 Qe4 60.
Qa2 Qe6 61. Qa1 Qb3 62. Rb1 Qe6 63. Re1 Qd6 64. Re8 Qf6 65. Qe1 a4 66. Ra8 b5
67. Qe8 c4 68. Rc8 Ne6 69. Qxb5 a3 70. Qxc4 Qa1+ 71. Qc1 Qa2 72. Ra8 Nd4 73.
Qxa3 Qb1+ 74. Kh2 Ne2 75. Qa1 Qxa1 76. Rxa1 Kg7 77. Ra4 Nc3 78. Rd4 Kf6 79. Rc4
Nd5 80. Kg3 Ne7 81. Ra4 Nf5+ 82. Kf4 Ng7 83. Ra6+ Ne6+ 84. Ke4 Ke7 85. Ke3 Kf6
86. h4 Kf5 87. f3 Ng7 88. Ra5+ Ke6 89. Kf4 Kf6 90. g4 Ne6+ 91. Ke4 g5 92. Rf5+
Kg7 93. hxg5 hxg4 94. f4 g3 95. Ra5 g2 96. Ra1 Nc5+ 97. Kf3 Nd3 98. Rg1 Kg6 99.
Ke3 Nb4 100. Ke4 f5+ 101. Kf3 Nd3 102. Ke3 Nc5 103. Rxg2 Ne6 104. Rh2 1-0

[Event "ch-Moscow Superfinal 2014"]
[Site "Moscow RUS"]
[Date "2014.01.30"]
[Round "3.3"]
[White "Nepomniachtchi, Ian"]
[Black "Gordievsky, Dmitry"]
[Result "1-0"]
[WhiteTitle "GM"]
[BlackTitle "FM"]
[WhiteElo "2732"]
[BlackElo "2451"]
[WhiteFideId "4168119"]
[BlackFideId "24112798"]
[EventDate "2014.01.30"]

1. e4 d6 2. d4 g6 3. Nc3 Bg7 4. Be3 a6 5. Nf3 b5 6. a4 b4 7. Nd5 a5 8. c3 c6 9.
Nf4 Nf6 10. Bd3 O-O 11. O-O Nbd7 12. e5 dxe5 13. dxe5 Ng4 14. e6 Nxe3 15. exf7+
Rxf7 16. fxe3 e5 17. Ne6 Qe7 18. Qb3 e4 19. Nfg5 Rxf1+ 20. Rxf1 Nf6 21. Nd8+ Kf8
22. Nxc6 Qc5 23. Qf7# 1-0

[Event "ch-Moscow Superfinal 2014"]
[Site "Moscow RUS"]
[Date "2014.01.30"]
[Round "3.4"]
[White "Najer, Evgeniy"]
[Black "Potkin, Vladimir"]
[Result "1-0"]
[WhiteTitle "GM"]
[BlackTitle "GM"]
[WhiteElo "2646"]
[BlackElo "2625"]
[WhiteFideId "4118987"]
[BlackFideId "4131061"]
[EventDate "2014.01.30"]

1. e4 c5 2. Nf3 e6 3. d4 cxd4 4. Nxd4 Nc6 5. Nc3 a6 6. Bf4 d6 7. Nxc6 bxc6 8.
Qd2 d5 9. O-O-O Nf6 10. g4 Be7 11. g5 Nd7 12. Bg2 Nb6 13. h4 O-O 14. exd5 cxd5
15. Qd4 Bb7 16. Rhe1 Rc8 17. Bf1 Bc5 18. Qd2 d4 19. Nb1 Nd5 20. a3 Qb6 21. Be5
Rfd8 22. Bd3 Bb4 23. axb4 Nxb4 24. Na3 Rc3 25. Bc4 Rxc4 26. Nxc4 Qb5 27. Na3 Qa4
28. Bxd4 Bf3 29. c3 Bxd1 30. Qxd1 Qc6 31. Kb1 Nd5 32. Qe2 Ne7 33. Qe4 Qd7 34.
Nc2 a5 35. h5 Nf5 36. h6 Rb8 37. Be5 1-0

[Event "ch-Moscow Superfinal 2014"]
[Site "Moscow RUS"]
[Date "2014.01.30"]
[Round "3.5"]
[White "Popov, Ivan RUS"]
[Black "Vavulin, Maksim"]
[Result "1-0"]
[WhiteTitle "GM"]
[BlackTitle "IM"]
[WhiteElo "2650"]
[BlackElo "2390"]
[WhiteFideId "4170350"]
[BlackFideId "4169530"]
[EventDate "2014.01.30"]

1. e4 e5 2. Nf3 Nc6 3. Bb5 a6 4. Ba4 Nge7 5. c3 g6 6. d4 exd4 7. cxd4 b5 8. Bc2
Bg7 9. d5 Na5 10. Bd2 c5 11. Bc3 f6 12. b4 cxb4 13. Bxb4 O-O 14. O-O d6 15. a4
Bg4 16. axb5 axb5 17. Qe1 Nb7 18. Rxa8 Qxa8 19. Nd4 Bd7 20. Nc3 f5 21. Ne6 Bxe6
22. dxe6 Rc8 23. exf5 gxf5 24. Qe3 Rc4 25. Rb1 Qc8 26. Qg5 Qd8 27. Bxf5 Nxf5 28.
Qxf5 Qf6 29. Qxb5 Rc7 30. Nd5 Qg6 31. Bd2 1-0

[Event "ch-Moscow Superfinal 2014"]
[Site "Moscow RUS"]
[Date "2014.01.30"]
[Round "4.1"]
[White "Eliseev, Urii"]
[Black "Vavulin, Maksim"]
[Result "0-1"]
[WhiteTitle "GM"]
[BlackTitle "IM"]
[WhiteElo "2549"]
[BlackElo "2390"]
[WhiteFideId "24131920"]
[BlackFideId "4169530"]
[EventDate "2014.01.30"]

1. e4 e5 2. Nf3 Nc6 3. Bb5 a6 4. Ba4 Nf6 5. O-O Be7 6. d3 b5 7. Bb3 O-O 8. a4 b4
9. Re1 d6 10. a5 Be6 11. Nbd2 Nd7 12. Bd5 Bxd5 13. exd5 Na7 14. d4 Bf6 15. Ne4
Nb5 16. dxe5 dxe5 17. Nxf6+ Qxf6 18. Bd2 Rfe8 19. Ng5 b3 20. c3 Rab8 21. Qxb3
Nd4 22. Qd1 Nb3 23. Ra3 Ndc5 24. Be3 Qg6 25. f3 f5 26. Ne6 Nxe6 27. Rxb3 Nf8 28.
Ba7 Rbd8 29. c4 Qd6 30. Qc2 g6 31. Qf2 Nd7 32. Be3 Rb8 33. Rxb8 Rxb8 34. Rd1 Qb4
35. c5 f4 36. Bd2 Qxb2 37. h4 Qb3 38. Rc1 Qxd5 39. c6 Nf8 40. Bc3 Qxc6 41. Bd2
Nd7 42. Bc3 Nf8 43. Kh2 Rb5 44. Bxe5 Qxc1 45. Qa2+ Ne6 46. Qxe6+ Kf8 47. Qf6+
Ke8 48. Qe6+ Kf8 49. Qf6+ Ke8 50. Qe6+ Kf8 51. Qf6+ Ke8 52. Qe6+ Kf8 53. Qxa6
Rb1 54. Qf6+ Ke8 55. Qe6+ Kf8 56. Qf6+ Ke8 57. Bxf4 Qh1+ 58. Kg3 Qe1+ 59. Kh2
Qh1+ 60. Kg3 Qe1+ 61. Kh2 Qh1+ 62. Kg3 Qe1+ 63. Kh3 Qe7 64. Qh8+ Kd7 65. Qd4+
Kc8 66. Qh8+ Kd7 67. Qd4+ Kc8 68. Qh8+ Kb7 69. Kg3 Qe1+ 70. Kh3 Qe7 71. Kg3 Qe1+
72. Kh3 Qe7 73. Kg3 Qe1+ 74. Kh3 Qe7 75. Kg3 Rh1 76. a6+ Ka7 77. Bg5 Qd6+ 78.
Bf4 Qe7 79. Bg5 Qd6+ 80. Bf4 Qe7 81. Bg5 Qd6+ 82. Kf2 Kxa6 83. Qa8+ Kb5 84. Qe8+
Qc6 85. Qf7 Qc5+ 86. Kg3 Qe5+ 0-1

[Event "ch-Moscow Superfinal 2014"]
[Site "Moscow RUS"]
[Date "2014.01.30"]
[Round "4.2"]
[White "Potkin, Vladimir"]
[Black "Popov, Ivan RUS"]
[Result "0-1"]
[WhiteTitle "GM"]
[BlackTitle "GM"]
[WhiteElo "2625"]
[BlackElo "2650"]
[WhiteFideId "4131061"]
[BlackFideId "4170350"]
[EventDate "2014.01.30"]

1. Nf3 d5 2. g3 Nc6 3. d4 Bg4 4. Bg2 Qd7 5. h3 Bxf3 6. Bxf3 O-O-O 7. Nc3 e6 8.
O-O h5 9. b4 Bxb4 10. Qd3 Nge7 11. Nb5 a6 12. a4 e5 13. Bg2 h4 14. g4 f5 15. Rb1
e4 16. Qb3 axb5 17. Rd1 bxa4 18. Qxa4 Ba5 19. gxf5 Qxf5 20. Be3 g5 21. f3 exf3
22. exf3 Ng6 23. Rb5 Rhe8 24. Bf2 Nf4 25. Rxa5 Nxa5 26. Qxa5 Qxc2 27. Ra1 Nd3
28. Ra2 Qc1+ 29. Bf1 Nxf2 30. Rxf2 c6 31. Ra2 Qe1 32. Qb6 Qg3+ 0-1

[Event "ch-Moscow Superfinal 2014"]
[Site "Moscow RUS"]
[Date "2014.01.30"]
[Round "4.3"]
[White "Gordievsky, Dmitry"]
[Black "Najer, Evgeniy"]
[Result "0-1"]
[WhiteTitle "FM"]
[BlackTitle "GM"]
[WhiteElo "2451"]
[BlackElo "2646"]
[WhiteFideId "24112798"]
[BlackFideId "4118987"]
[EventDate "2014.01.30"]

1. Nf3 d5 2. g3 Bf5 3. Bg2 c6 4. d3 Nf6 5. Nh4 Bg4 6. h3 Be6 7. O-O g6 8. f4 Bg7
9. Nd2 Na6 10. Rb1 Nb4 11. Ndf3 Nxa2 12. Bd2 Nb4 13. g4 O-O 14. Nd4 Qb6 15. c3
Na6 16. Be3 Bc8 17. Ndf5 Qd8 18. Nxg7 Kxg7 19. b4 Nc7 20. Qe1 Ng8 21. Qg3 f6 22.
f5 g5 23. Nf3 Qd6 24. Qf2 a5 25. h4 gxh4 26. Qxh4 axb4 27. cxb4 Nb5 28. Bc5 Qc7
29. g5 Bxf5 30. gxf6+ Rxf6 31. Nd4 Nxd4 32. Bxd4 Bg6 33. Bxf6+ Nxf6 34. b5 Ra2
35. bxc6 bxc6 36. Bf3 c5 37. Rbc1 Qd6 38. Rf2 Rb2 39. Rg2 Rb4 40. Qf2 c4 41.
dxc4 dxc4 42. Qe3 Rb3 43. Rc3 Qb4 44. Rxb3 cxb3 45. Qc1 b2 46. Qb1 Qc3 47. Kf2
Qc5+ 48. e3 Qc1 49. Be4 Qd2+ 50. Kf1 Qxg2+ 0-1

[Event "ch-Moscow Superfinal 2014"]
[Site "Moscow RUS"]
[Date "2014.01.30"]
[Round "5.2"]
[White "Nepomniachtchi, Ian"]
[Black "Grachev, Boris"]
[Result "1-0"]
[WhiteTitle "GM"]
[BlackTitle "GM"]
[WhiteElo "2732"]
[BlackElo "2668"]
[WhiteFideId "4168119"]
[BlackFideId "4129199"]
[EventDate "2014.01.30"]

1. e4 c5 2. Nf3 e6 3. Qe2 Nc6 4. g3 Nf6 5. Bg2 e5 6. O-O Be7 7. Nc3 Nd4 8. Nxd4
cxd4 9. Nd5 Nxd5 10. exd5 d6 11. c3 O-O 12. b3 Bf5 13. Qb5 a6 14. Qb4 a5 15. Qb5
Bd7 16. Qd3 dxc3 17. dxc3 a4 18. Bd2 b5 19. c4 axb3 20. axb3 bxc4 21. bxc4 Qc7
22. Be3 Rxa1 23. Rxa1 Rb8 24. Ra7 Qc8 25. h4 Bf8 26. Kh2 Bf5 27. Qc3 f6 28. Ra1
Qc7 29. Ra6 Bd7 30. Qd3 f5 31. Ra7 Rb7 32. Rxb7 Qxb7 33. c5 dxc5 34. d6 e4 35.
Qc4+ Kh8 36. Bxc5 Qc8 37. Qd5 Qe8 38. Bf1 g6 39. Bd4+ Bg7 40. Bxg7+ Kxg7 41.
Qd4+ Kh6 42. Bc4 Qc8 43. Qd2+ Kg7 44. Qb2+ Kh6 45. Bb5 e3 46. Qd4 exf2 47. Bxd7
Qxd7 48. Kg2 Qc6+ 49. Kxf2 Qc2+ 50. Kf3 Qc6+ 51. Kf4 Qd7 52. Qc5 Qa4+ 53. Ke5
Qe8+ 54. Kd4 Qe4+ 55. Kc3 Qf3+ 56. Kb4 Qe4+ 57. Qc4 Qb7+ 58. Kc5 Qa7+ 59. Kc6
Qa8+ 60. Kd7 Qb7+ 61. Ke6 g5 62. d7 Qa8 63. hxg5+ Kg6 64. Qd5 Qg8+ 65. Kd6 Qb8+
66. Ke7 Qa7 67. Qd6+ Kxg5 68. Kf8 1-0

[Event "ch-Moscow Superfinal 2014"]
[Site "Moscow RUS"]
[Date "2014.01.30"]
[Round "5.4"]
[White "Popov, Ivan RUS"]
[Black "Gordievsky, Dmitry"]
[Result "1-0"]
[WhiteTitle "GM"]
[BlackTitle "FM"]
[WhiteElo "2650"]
[BlackElo "2451"]
[WhiteFideId "4170350"]
[BlackFideId "24112798"]
[EventDate "2014.01.30"]

1. e4 d6 2. d4 g6 3. Nc3 Bg7 4. Nf3 Nf6 5. Be2 O-O 6. O-O c6 7. a4 Qc7 8. h3
Nbd7 9. Bg5 b6 10. Qd2 Bb7 11. Rfe1 e5 12. Rad1 Rad8 13. Bc4 exd4 14. Nxd4 a6
15. Ba2 b5 16. axb5 axb5 17. b4 Ne5 18. f4 h6 19. Bxf6 Bxf6 20. fxe5 dxe5 21.
Qf2 Be7 22. Nde2 Bxb4 23. Qf6 Rd6 24. Qxe5 Qb6+ 25. Kh1 Rxd1 26. Rxd1 Qf2 27.
Qd4 1-0

[Event "ch-Moscow Superfinal 2014"]
[Site "Moscow RUS"]
[Date "2014.01.30"]
[Round "5.5"]
[White "Vavulin, Maksim"]
[Black "Potkin, Vladimir"]
[Result "0-1"]
[WhiteTitle "IM"]
[BlackTitle "GM"]
[WhiteElo "2390"]
[BlackElo "2625"]
[WhiteFideId "4169530"]
[BlackFideId "4131061"]
[EventDate "2014.01.30"]

1. e4 c5 2. Nf3 e6 3. d4 cxd4 4. Nxd4 Nc6 5. Nc3 Qc7 6. f4 a6 7. Nxc6 bxc6 8.
Bd3 d5 9. O-O Nf6 10. Kh1 Be7 11. b3 Bb7 12. Bb2 O-O 13. Qe2 c5 14. exd5 exd5
15. Rae1 Rfe8 16. Nb5 Qd7 17. Nc7 Qxc7 18. Bxf6 Bf8 19. Be5 Qc6 20. c4 d4 21.
Qg4 Qc8 22. f5 Kh8 23. Re2 f6 24. Bf4 Rxe2 25. Qxe2 a5 26. Re1 a4 27. bxa4 Qd7
28. Bc2 Bc6 29. Qe6 Bxa4 30. Bd3 Bc6 31. Qxd7 Bxd7 32. Re2 Bc6 33. Kg1 Kg8 34.
Kf2 Kf7 35. g3 Ra3 36. Rd2 g5 37. fxg6+ hxg6 38. h4 f5 39. Ke2 Be4 40. Bxe4 fxe4
41. Rb2 Be7 42. Kd2 Ke6 43. Kc2 e3 44. g4 d3+ 45. Kd1 e2+ 46. Kd2 Bxh4 47. Rb6+
Kd7 48. Rd6+ Ke7 0-1

[Event "ch-Moscow Superfinal 2014"]
[Site "Moscow RUS"]
[Date "2014.01.31"]
[Round "6.1"]
[White "Eliseev, Urii"]
[Black "Potkin, Vladimir"]
[Result "0-1"]
[WhiteTitle "GM"]
[BlackTitle "GM"]
[WhiteElo "2549"]
[BlackElo "2625"]
[WhiteFideId "24131920"]
[BlackFideId "4131061"]
[EventDate "2014.01.30"]

1. e4 c5 2. Nf3 e6 3. d4 cxd4 4. Nxd4 Nc6 5. Nc3 Qc7 6. Be3 a6 7. Qd2 Nf6 8.
O-O-O Be7 9. f3 b5 10. Nxc6 dxc6 11. g4 e5 12. h4 Be6 13. Qf2 a5 14. Bc5 O-O 15.
h5 Bxc5 16. Qxc5 Nd7 17. Qd6 Qxd6 18. Rxd6 Rfc8 19. Be2 Kf8 20. Rhd1 Nc5 21. a3
b4 22. Nb1 Ke7 23. b3 Bd5 24. exd5 Kxd6 25. Bc4 Ra7 26. c3 Rb8 27. Kc2 f6 28.
cxb4 axb4 29. axb4 Rxb4 30. Nc3 Rb8 31. dxc6+ Kxc6 32. Bd5+ Kb6 33. Bc4 Rd7 34.
Ra1 Rbd8 35. b4 Rd2+ 36. Kc1 Nb7 37. Ra6+ Kc7 38. h6 gxh6 39. Rxf6 Kb8 40. Rxh6
R2d4 41. Rc6 R8d6 42. Rxd6 Nxd6 43. Bg8 h6 44. Nd5 Rd3 45. Ne7 Kc7 46. Ng6 Rxf3
47. Nxe5 Re3 48. Ng6 Re4 49. Kd2 Rxg4 50. Ne7 Kd7 51. Nd5 Ne4+ 52. Ke3 Kd6 53.
Bf7 Ke5 54. b5 Rg7 55. b6 Rxf7 0-1

[Event "ch-Moscow Superfinal 2014"]
[Site "Moscow RUS"]
[Date "2014.01.31"]
[Round "6.2"]
[White "Gordievsky, Dmitry"]
[Black "Vavulin, Maksim"]
[Result "1-0"]
[WhiteTitle "FM"]
[BlackTitle "IM"]
[WhiteElo "2451"]
[BlackElo "2390"]
[WhiteFideId "24112798"]
[BlackFideId "4169530"]
[EventDate "2014.01.30"]

1. Nf3 Nf6 2. g3 b6 3. Bg2 Bb7 4. O-O g6 5. d3 Bg7 6. e4 O-O 7. e5 Ne8 8. Bf4 d6
9. Re1 e6 10. Nc3 h6 11. h4 Nd7 12. Qd2 Kh7 13. h5 Rb8 14. hxg6+ fxg6 15. Nd4
Nc5 16. Bxb7 Rxb7 17. b4 dxe5 18. Nc6 Qc8 19. Bxe5 Nd7 20. Bxg7 Nxg7 21. Kg2 Nb8
22. Ne5 Nd7 23. Ng4 h5 24. Qh6+ Kg8 25. Ne5 Nxe5 26. Rxe5 Rf5 27. Rxf5 gxf5 28.
Ne2 e5 29. Qc6 Rb8 30. Nc3 Qe6 31. Qxe6+ Nxe6 32. Re1 Kf7 33. Rxe5 Kf6 34. f4 c6
35. b5 cxb5 36. Nd5+ Kf7 37. Rxf5+ Kg7 38. Re5 Nd4 39. c3 Nc6 40. Rxh5 Rd8 41.
Kf3 Kf7 42. g4 Kg7 43. d4 Kf7 44. Rf5+ Kg7 45. Nc7 Rh8 46. Nxb5 a6 47. Nc7 Rh3+
48. Ke4 Rxc3 49. d5 Ne7 50. Ne8+ Kg8 51. Re5 Kf7 52. Nd6+ Kf8 53. f5 Rc1 54. f6
Re1+ 55. Kd4 Nc6+ 56. dxc6 Rd1+ 57. Ke4 Rxd6 58. c7 Rc6 59. g5 Rxc7 60. g6 1-0

[Event "ch-Moscow Superfinal 2014"]
[Site "Moscow RUS"]
[Date "2014.01.31"]
[Round "6.4"]
[White "Grachev, Boris"]
[Black "Najer, Evgeniy"]
[Result "1/2-1/2"]
[WhiteTitle "GM"]
[BlackTitle "GM"]
[WhiteElo "2668"]
[BlackElo "2646"]
[WhiteFideId "4129199"]
[BlackFideId "4118987"]
[EventDate "2014.01.30"]

1. d4 d5 2. Bf4 e6 3. e3 Bd6 4. Nf3 c5 5. c3 Nc6 6. Bg3 Nge7 7. Bd3 b6 8. Nbd2
Bb7 9. Qe2 h6 10. Rd1 O-O 11. O-O c4 12. Bc2 f5 13. Ne5 Nxe5 14. Bxe5 Nc6 15. f4
Nxe5 16. dxe5 Bc5 17. Nf3 Bc8 18. Nd4 Bd7 19. g4 g6 20. gxf5 gxf5 21. Qh5 Kh7
22. Kf2 Qe8 23. Qh3 Bxd4 24. exd4 Rg8 25. Rg1 Rxg1 26. Rxg1 Qf7 27. Bd1 Rg8 28.
Bh5 Qf8 29. Rxg8 Kxg8 30. Qg3+ Qg7 31. Qh4 Qf8 32. Kg2 Ba4 33. Kh3 Bc2 34. Qf6
Qxf6 35. exf6 Kf8 36. Kh4 Ba4 37. a3 a6 38. Kg3 Bb5 39. Kh3 Bc6 40. Kh4 Ba4 41.
h3 a5 42. Kg3 Bb5 43. Bg6 Ba4 44. Kh4 Bd1 45. Kg3 Be2 46. Kf2 Bd1 47. Kg3 Be2
48. Kh4 Bd1 49. Kg3 Be2 50. Kg2 Bd1 51. Kf2 Bc2 52. Bh5 Ba4 53. Kg3 Bb5 1/2-1/2

[Event "ch-Moscow Superfinal 2014"]
[Site "Moscow RUS"]
[Date "2014.01.31"]
[Round "7.1"]
[White "Nepomniachtchi, Ian"]
[Black "Eliseev, Urii"]
[Result "0-1"]
[WhiteTitle "GM"]
[BlackTitle "GM"]
[WhiteElo "2732"]
[BlackElo "2549"]
[WhiteFideId "4168119"]
[BlackFideId "24131920"]
[EventDate "2014.01.30"]

1. e4 c5 2. Nf3 Nc6 3. Bb5 d6 4. d4 cxd4 5. Qxd4 Bd7 6. Qd3 g6 7. c4 Bg7 8. Nc3
Nf6 9. O-O O-O 10. h3 a6 11. Bxc6 Bxc6 12. Nd4 Qb6 13. Nb3 Nd7 14. Bg5 Rfe8 15.
Rab1 Rac8 16. Rfc1 Qb4 17. Nd2 Nc5 18. Qe2 Na4 19. Nxa4 Qxa4 20. a3 Bd7 21. Be3
Be6 22. Bb6 Rc6 23. Qe3 Rec8 24. f4 d5 25. exd5 Bxd5 26. Kh2 Be6 27. g4 Bd7 28.
Qf2 h5 29. Kg3 Rd6 30. Be3 Be6 31. Qe2 Qd7 32. gxh5 Bf5 33. Nf3 Bd3 34. Qf2 Bxb1
35. Rxb1 Rxc4 36. hxg6 Rxg6+ 37. Kh2 Qf5 38. Rd1 Rc2 39. Rd8+ Bf8 40. Nd2 Rc8
41. Rxc8 Qxc8 42. Ne4 Qf5 43. Ng3 Qd3 44. h4 Bg7 45. Bc5 Rc6 46. Kh3 Qd7+ 47. f5
Qd3 48. Bxe7 Be5 49. Qe1 f6 50. Bb4 Kf7 51. Bc3 Bxg3 52. Qxg3 Qxf5+ 53. Kh2 Re6
54. Qc7+ Kg6 55. Qg3+ Kh5 56. Qg2 Rd6 0-1

[Event "ch-Moscow Superfinal 2014"]
[Site "Moscow RUS"]
[Date "2014.01.31"]
[Round "7.5"]
[White "Potkin, Vladimir"]
[Black "Gordievsky, Dmitry"]
[Result "1-0"]
[WhiteTitle "GM"]
[BlackTitle "FM"]
[WhiteElo "2625"]
[BlackElo "2451"]
[WhiteFideId "4131061"]
[BlackFideId "24112798"]
[EventDate "2014.01.30"]

1. d4 g6 2. e4 d6 3. Nf3 Bg7 4. Be2 Nf6 5. Nc3 Ng8 6. Nb1 Nf6 7. Nc3 O-O 8. O-O
c6 9. a4 Nbd7 10. Be3 e5 11. dxe5 dxe5 12. Nd2 Qe7 13. Nc4 Nc5 14. Qd6 Qxd6 15.
Nd2 Ncd7 16. Nc4 Nc5 17. Nxd6 Ne6 18. Rfd1 Rd8 19. Bc4 h6 20. a5 Bf8 21. Nxc8
Rdxc8 22. Bxe6 fxe6 23. f3 Kf7 24. Kf2 Ke8 25. Na4 Rc7 26. Nc5 Bxc5 27. Bxc5 Rf7
28. Ke2 Rd7 29. Bd6 Rad8 30. Bxe5 Rxd1 31. Rxd1 Rxd1 32. Kxd1 Nd7 33. Bd4 a6 34.
Ke2 Kf7 35. f4 h5 36. b4 Nf8 37. Kf3 Nd7 38. Kg3 Nf8 39. Kh4 Nh7 40. g4 hxg4 41.
Kxg4 Nf8 42. f5 Nh7 43. h4 Nf8 44. Kg5 Nh7+ 45. Kh6 Nf8 46. Bc5 1-0